| 000 | 00372nam a2200145Ia 4500 | ||
|---|---|---|---|
| 008 | 150301s2014 xx 000 0 und d | ||
| 082 |
_a618.1 _bJ14H |
||
| 100 | _aHURT, K. JOSEPH | ||
| 245 | _aTHE JOHNS HOPKINS MANUAL OF GYNEACOLOGY & OBSTETRICS | ||
| 250 | _a4TH | ||
| 260 |
_bWOLTERS KLUWER _aINDIA _c2014 |
||
| 300 | _a660 | ||
| 650 | _aOBST. & GYNE | ||
| 942 |
_2ddc _cBK |
||
| 999 |
_c6737 _d6737 |
||